<?xml version="1.0" encoding="UTF-8"?>
<record
    xmlns:xsi="http://www.w3.org/2001/XMLSchema-instance"
    xsi:schemaLocation="http://www.loc.gov/MARC21/slim http://www.loc.gov/standards/marcxml/schema/MARC21slim.xsd"
    xmlns="http://www.loc.gov/MARC21/slim">

  <leader>02261nam a2200337 a 4500</leader>
  <controlfield tag="001">BRCA_3202</controlfield>
  <controlfield tag="005">20190320204148.0</controlfield>
  <controlfield tag="008">190209s1742----enka---###---#000-0deng-u</controlfield>
  <datafield tag="041" ind1=" " ind2=" ">
    <subfield code="a">eng</subfield>
  </datafield>
  <datafield tag="044" ind1=" " ind2=" ">
    <subfield code="a">enk</subfield>
  </datafield>
  <datafield tag="084" ind1=" " ind2=" ">
    <subfield code="a">503</subfield>
    <subfield code="b">.T66</subfield>
    <subfield code="c">1742</subfield>
  </datafield>
  <datafield tag="100" ind1="1" ind2=" ">
    <subfield code="a">Cervantes Saavedra, Miguel de</subfield>
    <subfield code="d">1547-1616</subfield>
    <subfield code="9">213</subfield>
  </datafield>
  <datafield tag="245" ind1="1" ind2="0">
    <subfield code="a">The Life and Exploits of the Ingenious Gentleman Don Quixote de la Mancha</subfield>
    <subfield code="c">Miguel de Cervantes Saavedra.</subfield>
  </datafield>
  <datafield tag="260" ind1=" " ind2=" ">
    <subfield code="a">Londres</subfield>
    <subfield code="b">J. y R. Tonson</subfield>
    <subfield code="c">1742</subfield>
  </datafield>
  <datafield tag="300" ind1=" " ind2=" ">
    <subfield code="a">2 v. en 4 tomos</subfield>
    <subfield code="b">il.</subfield>
    <subfield code="c">32 cm.</subfield>
  </datafield>
  <datafield tag="500" ind1=" " ind2=" ">
    <subfield code="a">Contenido : v 1. Primera parte. Prefacio del traductor. Advertencia por John Olfield. Retrato de Cervantes por Kent. Vida de Cervantes por May&#xE1;ns, traducida por Ozell. Pr&#xF3;logo del autor. Texto. -- v 2. Segunda parte. Pr&#xF3;logo del autor. Texto</subfield>
  </datafield>
  <datafield tag="500" ind1=" " ind2=" ">
    <subfield code="a">Edici&#xF3;n : Translated from the Original Spanish of by Charles Jarvis. Illustrated by Vanderbank</subfield>
  </datafield>
  <datafield tag="500" ind1=" " ind2=" ">
    <subfield code="a">Traducci&#xF3;n de Jarvis, relativamente fiel al original. Ha tomado mucho de Shelton lim&#xE1;ndolo y mejor&#xE1;ndolo muchas veces. Puso tambi&#xE9;n notas hist&#xF3;ricas y explicativas del texto, en las que descubre alusiones y s&#xE1;tiras contra la aristocracia y clero espa&#xF1;oles. Contiene la vida de Cervantes escrita por Gregorio May&#xE1;ns y traducida por Ozell. Va precedida del retrato de Cervantes dibujado por Kent, y est&#xE1; adornada con l&#xE1;minas de Vanderbank, tomadas del modelo espa&#xF1;ol impreso en Londres, en 1738. Suprime las dos dedicatorias cervantinas. Aunque no supera a la edici&#xF3;n espa&#xF1;ola, est&#xE1; lujosamente presentada, y entrambas son, desde este punto de vista, las m&#xE1;s notables de las hasta entonces publicadas. Semipiel; lomos decorados con filetes dorados L&#xFA;dovik Osterc</subfield>
  </datafield>
  <datafield tag="500" ind1=" " ind2=" ">
    <subfield code="a">Con ex - libris de : T. Faifax Best Norton</subfield>
  </datafield>
  <datafield tag="500" ind1=" " ind2=" ">
    <subfield code="a">QM408</subfield>
  </datafield>
  <datafield tag="546" ind1=" " ind2=" ">
    <subfield code="a">Texto en : ingl&#xE9;s</subfield>
  </datafield>
  <datafield tag="650" ind1="1" ind2="4">
    <subfield code="a">Novela espa&#xF1;ola</subfield>
    <subfield code="y">&#xC9;poca cl&#xE1;sica, 1500-1700</subfield>
    <subfield code="9">215</subfield>
  </datafield>
  <datafield tag="650" ind1="1" ind2="4">
    <subfield code="a">Literatura espa&#xF1;ola</subfield>
    <subfield code="y">&#xC9;poca cl&#xE1;sica, 1500-1700</subfield>
    <subfield code="9">216</subfield>
  </datafield>
  <datafield tag="650" ind1="1" ind2="4">
    <subfield code="a">Novela espa&#xF1;ola</subfield>
    <subfield code="y">Siglo XVII</subfield>
    <subfield code="9">217</subfield>
  </datafield>
  <datafield tag="650" ind1="1" ind2="4">
    <subfield code="a">Don Quijote (Personaje ficticio)</subfield>
    <subfield code="e">Novela</subfield>
    <subfield code="9">218</subfield>
  </datafield>
  <datafield tag="700" ind1="1" ind2=" ">
    <subfield code="a">Mayans I. Siscar, Gregorio</subfield>
    <subfield code="d">1699-1781</subfield>
    <subfield code="e">Bi&#xF3;grafo</subfield>
    <subfield code="9">8577</subfield>
  </datafield>
  <datafield tag="700" ind1="1" ind2=" ">
    <subfield code="a">Ozell, John</subfield>
    <subfield code="d">?-1743</subfield>
    <subfield code="e">Anotador</subfield>
    <subfield code="9">8578</subfield>
  </datafield>
  <datafield tag="740" ind1="0" ind2=" ">
    <subfield code="a">El Ingenioso Hidalgo Don Quijote de la Mancha</subfield>
  </datafield>
  <datafield tag="902" ind1=" " ind2=" ">
    <subfield code="a">QFM</subfield>
  </datafield>
  <datafield tag="942" ind1=" " ind2=" ">
    <subfield code="2">lcc</subfield>
    <subfield code="c">B</subfield>
  </datafield>
  <datafield tag="999" ind1=" " ind2=" ">
    <subfield code="c">2938</subfield>
    <subfield code="d">2938</subfield>
  </datafield>
  <datafield tag="952" ind1=" " ind2=" ">
    <subfield code="0">0</subfield>
    <subfield code="1">0</subfield>
    <subfield code="4">0</subfield>
    <subfield code="7">0</subfield>
    <subfield code="a">BRCA</subfield>
    <subfield code="b">BRCA</subfield>
    <subfield code="d">2009-02-19</subfield>
    <subfield code="i">QM408</subfield>
    <subfield code="l">0</subfield>
    <subfield code="o">503 .T66 1742 (QM408)</subfield>
    <subfield code="p">3199</subfield>
    <subfield code="r">2019-03-22 00:00:00</subfield>
    <subfield code="w">2019-03-22</subfield>
    <subfield code="y">B</subfield>
  </datafield>
</record>
